02115nam a2200301 i 4500001000700000003000900007005001700016008004100033017005300074020001800127040001800145080002100163100004600184245007800230250003800308260004500346300002800391336002200419337003000441338002400471520097100495655002001466852010601486903004601592942001801638999001901656952013801675196132ES-MaACL20250806063150.0240813e2023 sp ||||| |||| 00| 0 spa d aVA 908-2023bOficina Depósito Legal Valladolid a9788412760019 bspacES-MaACL a821.134.2-31"20"1 aCodina Rodríguez, Fernandoeaut923863113aUn vampiro en la historia :b(1840-2022) /cFernando Codina Rodríguez.  aPrimera edición: diciembre 2023 aValladolid : bEditorial Suseya, c2023. a404 páginas ; c21 cm 2rdacontentatexto 2rdamediaasin mediación 2rdacarrieravolumen aJulián Mesías es un antiguo periodista, reconvertido en investigador de élite de una empresa farmacéutica americana. Su vida es de lo más normal, hasta que un día decide involucrarse en una pequeña antología colectiva sobre el mundo de los vampiros. Como no le apetece quedarse limitado a lo que hacen todos los demás escritores, decide que va a localizar a un auténtico vampiro, para entrevistarle. Esta no es una novela de vampiros al uso, tanto por sus protagonistas el Príncipe Máximo, Julián Mesías, su confidente, la bella y peligrosa Myriam, o la dulce Beatrice, como por la trama temporal o la forma de escribirla, a través de una serie de entrevistas en el corazón de la noche madrileña. Porque la ciudad también es una protagonista secundaria, tanto de día como de noche, y por ella se mueven los protagonistas. Al mismo tiempo, permite asomarse a un mundo desconocido, el de los vampiros, de una manera poco habitual. 0aNovelas9234319 aES-MaACLcDEPOJjN-10111xEncuadernación rústicahDonación: Fernando Codina Rodríguez9206230 aCodina Rodríguez, Fernandoednr9238631 cMONOGRAFIAn0 c196132d196132 00102udc4070aATENEOMbATENEOMcDEPOJd2025-07-14eDONACIONj1l0oN-10111p2025-0621r2025-07-14 00:00:00w2025-07-14yMONOGRAFIA